000
00294nam a22001337a 4500
082
_a
894.812.3
_b
KAT/D
100
_a
KATTUPUNAM, RAJU
245
_a
PAAVAM PAAVAKUTTY
250
_a
1
260
_a
KOTTAYAM
_b
KAIRALI KOOKS
_c
1999
300
_a
54
650
_a
MALAYALAM SHORT STORY
942
_c
BK
999
_c
1548
_d
1548